Statistiken für FC Bayern Players

Klicken Sie hier um das Quiz zu spielen!

Allgemein

  • Dieses Quiz wurde 109 mal gespielt
  • Das Durchschnittsergebnis liegt bei 15 aus 22

Antwortstatistiken

HintAntwort% Korrekt
GKNeuer
100%
MFKimmich
93%
STMüller
89%
STSane
88%
STGnabry
86%
MFGoretzka
86%
GKUlreich
82%
DFUpamecano
81%
DFPavard
79%
DFLucas Hernandez
78%
STMusiala
77%
DFDavies
72%
DFDe Ligt
69%
STMane
69%
STChoupo Moting
58%
MFSabitzer
49%
DFStanisic
49%
MFGravenberch
48%
DFMazraoui
48%
STTel
47%
DFSarr
38%
MFWanner
32%

Verteilung der Resultate

Perzentil nach korrekt beantworteten Fragen

Anzahl Personen mit jedem Resultat

Ihre Resultats-Entwicklung

Sie haben dieses Quiz noch nicht gespielt